Nazwij jednostki - Statystyki

Ogólne statystyki
  • Ten quiz został rozwiązany 303 razy
  • Średni wynik to 12 z 27
Statystyki odpowiedzi
Hint Odpowiedź % Poprawnych
kg kilogram
99%
A amper
83%
s sekunda
83%
mol mol
82%
W wat
80%
km kilometr
74%
J dżul
68%
m metr
68%
N niuton
62%
ha hektar
59%
Pa paskal
52%
V wolt
51%
yd jard
45%
ft. stopa
44%
Ω ohm
43%
a ar
41%
°C stopień celsjusza
39%
m/s^2 przyspieszenie
34%
K kelvin
28%
°F fahrenheit
26%
cd kandela
17%
C kulomb
16%
T tesla
14%
F farad
10%
Sv siwert
9%
H henr
6%
VA woltamper
5%
Nie znaleziono quizów pasujących do podanych kryteriów
Rozkład punktacji
Procent ludzi z każdym wynikiem
Percentyl według liczby udzielonych odpowiedzi
Twoja historia wyników
Nie rozwiązałeś tego quizu